Gyorsuló fejlesztés A kereskedelem tervei és feladatai /
Elmentve itt :
| Szerző: | |
|---|---|
| Dokumentumtípus: | Cikk |
| Megjelent: |
1974-02-24
|
| Sorozat: | Délmagyarország
64 No. 46 |
| Kulcsszavak: | kereskedelem |
| Online Access: | http://dmarchiv.bibl.u-szeged.hu/108458 |
| LEADER | 00475nab a2200157 i 4500 | ||
|---|---|---|---|
| 001 | delm108458 | ||
| 005 | 20190416132700.0 | ||
| 008 | 190416s1974 hu o 0|| hun d | ||
| 040 | |a SZTE Délmagyarország Archívum |b hun | ||
| 041 | |a hun | ||
| 100 | 1 | |a Lődi Ferenc | |
| 245 | 1 | 0 | |a Gyorsuló fejlesztés |h [elektronikus dokumentum] : |b A kereskedelem tervei és feladatai / |c Lődi Ferenc |
| 260 | |c 1974-02-24 | ||
| 300 | |a 1 | ||
| 490 | 0 | |a Délmagyarország |v 64 No. 46 | |
| 695 | |a kereskedelem | ||